Phasmophobia Ghosts - Statistics

General Stats
  • This quiz has been taken 691 times
  • The average score is 18 of 24
Answer Stats
Hint Answer % Correct
Ghost Spirit
92%
Ghost Demon
91%
Ghost Mimic
84%
Ghost Poltergeist
83%
Ghost Banshee
81%
Ghost The Twins
80%
Ghost Revenant
78%
Ghost Phantom
77%
Ghost Wraith
75%
Ghost Oni
74%
Ghost Deogen
73%
Ghost Onryo
73%
Ghost Yokai
73%
Ghost Yurei
73%
Ghost Hantu
72%
Ghost Jinn
72%
Ghost Goryo
69%
Ghost Mare
68%
Ghost Obake
68%
Ghost Shade
68%
Ghost Thaye
68%
Ghost Raiju
66%
Ghost Moroi
63%
Ghost Myling
53%
No matching quizzes found
Score Distribution
Percent of People with Each Score
Percentile by Number Answered
Your Score History
You have not taken this quiz